Super Smash Bros for Wii U Characters and Stages Quiz Stats

 Plays Quiz not verified by Sporcle

Challenge
Share
Tweet
Embed
Score 0/109 Timer 20:00
0 Plays Today
Hints Answers % Correct
FighterDr.Mario
76.5%
FighterMario
74.5%
FighterLuigi
72.5%
FighterPeach
72.5%
FighterBowser
72.5%
FighterBowser Jr
68.6%
FighterRosalina & Luma
66.7%
FighterYoshi
66.7%
FighterWario
66.7%
FighterDonkey Kong
66.7%
FighterDiddy Kong
66.7%
DLC FighterMewtwo
66.7%
DLC FighterLucas
62.7%
FighterLink
56.9%
FighterZelda
54.9%
FighterSheik
54.9%
FighterGanondorf
54.9%
DLC FighterCorrin
54.9%
DLC FighterBayonetta
52.9%
DLC FighterRyu
52.9%
FighterSamus
51%
FighterZero Suit Samus
51%
FighterNess
51%
DLC FighterCloud
51%
FighterToon Link
49%
FighterKirby
49%
FighterKing De De De
49%
FighterMeta Knight
49%
FighterJigglypuff
49%
FighterPikachu
47.1%
FighterCharizard
47.1%
FighterLucario
47.1%
FighterGreninja
47.1%
FighterCaptain Falcon
45.1%
FighterMarth
45.1%
FighterPit
45.1%
FighterDark Pit
45.1%
Hints Answers % Correct
FighterPalutena
45.1%
FighterFox
43.1%
FighterFalco
43.1%
FighterRoy
43.1%
FighterIke
43.1%
FighterLucina
43.1%
FighterRobin
43.1%
FighterMr Game & Watch
41.2%
FighterR.O.B
41.2%
FighterPac-Man
39.2%
FighterMega Man
39.2%
FighterSonic
39.2%
FighterOlimar
35.3%
FighterWii Fit Trainer
35.3%
StageBattlefield
35.3%
StageFinal Destination
35.3%
FighterVillager
33.3%
FighterShulk
33.3%
FighterLittle Mac
31.4%
StageBig Battlefield
31.4%
FighterMii Fighters
29.4%
DLC N64 StagePeach's Castle
29.4%
DLC StageMiiverse
27.5%
StageMushroom Kingdom U
27.5%
Brawl StageDelfino Plaza
27.5%
Brawl StageLuigis Mansion
27.5%
StageMario Galaxy
27.5%
DLC StageSuper Mario Maker
27.5%
N64 StageKongo Jungle
27.5%
StageMario Circuit
25.5%
Brawl StageMario Circuit
25.5%
DLC Brawl StagePirate Ship
25.5%
DLC N64 StageHyrule Castle
25.5%
Melee StageTemple
23.5%
DLC N64 StageDreamland
23.5%
Brawl Stage75m
23.5%
Melee StageYoshis Island
23.5%
Hints Answers % Correct
Brawl StageBridge of Eldin
21.6%
Brawl StageHalberd
21.6%
Brawl StageNorfair
21.6%
StageSkyloft
19.6%
StagePyrosphere
19.6%
StageWooly World
19.6%
StageThe Great Cave Offensive
17.6%
StageGamer
17.6%
StageJungle Hyjinxs
13.7%
StageKalos Pokémon Leage
13.7%
Brawl StageLylat Cruise
11.8%
Melee StageOnett
11.8%
Brawl StagePokémon Stadium 2
9.8%
DLC StageMidgar
9.8%
StageOrbitel Gate Assault
7.8%
DLC StageUmbra Clock Tower
7.8%
DLC StageSuzaku Castle
7.8%
Brawl StagePort Town Aero Drive
5.9%
StageColiseum
5.9%
Brawl StageCastle Siege
5.9%
StagePalutenas Temple
5.9%
Brawl StageSkyworld
5.9%
StageFlat Zone X
5.9%
StageGarden of Hope
5.9%
StageWii Fit Studio
5.9%
StageTown and City
5.9%
StageBoxing Ring
5.9%
Brawl StageSmashville
5.9%
StagePilotwings
5.9%
StageWuhu Island
5.9%
StageWrecking Crew
5.9%
StageGaur Plains
5.9%
StagePac-Land
5.9%
StageWilys Castle
5.9%
StageWindy Hill Zone
5.9%

You're not logged in!

Compare scores with friends on all Sporcle quizzes.
Join for Free
OR
Log In

You Might Also Like...

Show Comments

Extras

Top Quizzes Today


Score Distribution

Your Account Isn't Verified!

In order to create a playlist on Sporcle, you need to verify the email address you used during registration. Go to your Sporcle Settings to finish the process.

Report this User

Report this user for behavior that violates our Community Guidelines.

Details: